000 00244nam a2200085Ia 4500
245 0 _aCakebread, pudding & pie
100 _a Maritz, Callie Cape Town, South Africa, 2011
_985500
942 _cBK
008 210817s9999 xx 000 0 und d
999 _c319773
_d319772